[Event "Barcelona Sant Marti op-A 19th"]
[Site "Barcelona"]
[Date "2017.07.19"]
[Round "7"]
[White "Gardela Batlle, Jordi"]
[Black "Ryan, Joseph"]
[Result "0-1"]
[WhiteElo "2151"]
[BlackElo "2284"]
[PlyCount "132"]
[EventDate "2017.07.13"]
[EventType "swiss"]
[EventRounds "9"]
[EventCountry "ESP"]
[SourceTitle "EXT 2018"]
[Source "ChessBase"]
[SourceDate "2017.10.13"]
[SourceVersion "1"]
[SourceVersionDate "2017.10.13"]
[SourceQuality "1"]

1. d4 d5 2. c4 dxc4 3. Nf3 Nf6 4. e3 Bg4 5. Bxc4 e6 6. 0-0 Nbd7 7. Nc3 Bb4 8. a3 Bxc3 9. bxc3 0-0 10. Be2 c5 11. Nd2 Bxe2 12. Qxe2 Rc8 13. Rb1 Nb6 14. Bb2 Na4 15. Ba1 cxd4 16. cxd4 Qd7 17. Qf3 b5 18. e4 Ne8 19. Rfd1 Nd6 20. Qg3 f6 21. Qb3 Nc4 22. Nf1 a6 23. Qb4 Rfd8 24. Ne3 Nxe3 25. fxe3 Rc4 26. Qb3 Rdc8 27. e5 Nc3 28. Bxc3 Rxc3 29. Qa2 Rc2 30. Rb2 Rxb2 31. Qxb2 fxe5 32. Qb3 Rd8 33. Kf2 Qd5 34. Qxd5 Rxd5 35. Kf3 exd4 36. exd4 Kf7 37. Ke4 Ke7 38. Rc1 Kd7 39. g4 a5 40. Rb1 h5 41. h3 hxg4 42. hxg4 Ke7 43. Rb3 Kd6 44. Rb1 Kc6 45. Rc1+ Kd7 46. Rb1 g5 47. Rb2 Kd6 48. Rb1 Kc6 49. Rc1+ Kb7 50. Rb1 Kb6 51. Rb3 b4 52. axb4 a4 53. Rc3 Kb5 54. Rc8 Kxb4 55. Kd3 e5 56. Ke4 Rxd4+ 57. Kf5 a3 58. Kxg5 Rc4 59. Rb8+ Kc3 60. Kf5 Rf4+ 61. Kxe5 Rxg4 62. Rh8 a2 63. Rh3+ Kb4 64. Rh1 Rc4 65. Kd5 Kb3 66. Ra1 Rc2 0-1

[Event "Barcelona Sant Marti op-A 19th"]
[Site "Barcelona"]
[Date "2017.07.15"]
[Round "3"]
[White "Gardela Batlle, Jordi"]
[Black "Tateo, Ida"]
[Result "1-0"]
[WhiteElo "2151"]
[BlackElo "1238"]
[PlyCount "111"]
[EventDate "2017.07.13"]
[EventType "swiss"]
[EventRounds "9"]
[EventCountry "ESP"]
[SourceTitle "EXT 2018"]
[Source "ChessBase"]
[SourceDate "2017.10.13"]
[SourceVersion "1"]
[SourceVersionDate "2017.10.13"]
[SourceQuality "1"]

1. Nf3 Nf6 2. c4 g6 3. Nc3 Bg7 4. g3 0-0 5. Bg2 Nc6 6. 0-0 e5 7. d3 d6 8. Rb1 Rb8 9. b4 a6 10. Bg5 Be6 11. Qd2 Qd7 12. Rfc1 Bh3 13. Bh1 Rfe8 14. a4 Bf5 15. Ne1 Nd4 16. b5 a5 17. Nd5 Nxd5 18. cxd5 e4 19. e3 h6 20. Bf4 g5 21. Bxg5 hxg5 22. exd4 g4 23. Rc4 Qe7 24. Rbc1 exd3 25. Nxd3 Qe2 26. Qxe2 Rxe2 27. Rd1 Rbe8 28. Bg2 Bxd3 29. Rxd3 Re1+ 30. Bf1 Rc8 31. Kg2 b6 32. Re3 Rxe3 33. fxe3 Bh6 34. Kf2 Re8 35. Rc3 Kg7 36. Be2 f5 37. Rxc7+ Kf6 38. Rc3 Bg5 39. Bf1 Bh6 40. h3 gxh3 41. Bxh3 Bg5 42. Bg2 Bh6 43. Kf3 Bg5 44. Bf1 Bh6 45. Bh3 Bg5 46. g4 fxg4+ 47. Bxg4 Bh6 48. Be6 Bf8 49. Rc6 Rb8 50. Rc7 Be7 51. Kf4 Rh8 52. Rc6 Rb8 53. e4 Rb7 54. e5+ dxe5+ 55. dxe5+ Kg6 56. Bc8+ 1-0

[Event "Catalunya-chT GpB final"]
[Site "Barcelona"]
[Date "2017.03.18"]
[Round "2.9"]
[White "Gardela Batlle, Jordi"]
[Black "Parals Marce, Luis"]
[Result "1/2-1/2"]
[WhiteElo "2181"]
[BlackElo "2106"]
[PlyCount "69"]
[EventDate "2017.03.11"]
[EventType "team-tourn"]
[EventRounds "11"]
[EventCountry "ESP"]
[SourceTitle "CBM 177 Extra"]
[Source "ChessBase"]
[SourceDate "2017.04.27"]
[SourceVersion "1"]
[SourceVersionDate "2017.04.27"]
[SourceQuality "1"]
[WhiteTeam "Sant Josep de Badalona"]
[BlackTeam "Figueres"]
[WhiteTeamCountry "ESP"]
[BlackTeamCountry "ESP"]

1. Nf3 d5 2. d4 Nf6 3. c4 c6 4. cxd5 cxd5 5. Nc3 e6 6. Bf4 a6 7. e3 Be7 8. Ne5 0-0 9. Bd3 Nc6 10. 0-0 Bd7 11. Rc1 Rc8 12. Qf3 Nxe5 13. dxe5 Ne8 14. Rfd1 g6 15. Bb1 b5 16. e4 b4 17. Ne2 Rxc1 18. Rxc1 dxe4 19. Qxe4 Nc7 20. Bh6 Re8 21. h4 Nd5 22. h5 Bg5 23. Bxg5 Qxg5 24. hxg6 hxg6 25. Bd3 Rc8 26. Rxc8+ Bxc8 27. f4 Qd8 28. g3 Bb7 29. Qd4 Qa5 30. Bc4 b3 31. axb3 Qe1+ 32. Kh2 Ne3 33. Qd8+ Kg7 34. Qf6+ Kg8 35. Qd8+ 1/2-1/2

[Event "Catalunya-chT GpB final"]
[Site "Barcelona"]
[Date "2017.03.11"]
[Round "1.8"]
[White "Gardela Batlle, Jordi"]
[Black "Codina Garcia, Jose"]
[Result "1-0"]
[WhiteElo "2181"]
[BlackElo "2126"]
[PlyCount "117"]
[EventDate "2017.03.11"]
[EventType "team-tourn"]
[EventRounds "11"]
[EventCountry "ESP"]
[SourceTitle "CBM 177 Extra"]
[Source "ChessBase"]
[SourceDate "2017.04.27"]
[SourceVersion "1"]
[SourceVersionDate "2017.04.27"]
[SourceQuality "1"]
[WhiteTeam "Sant Josep de Badalona"]
[BlackTeam "Lleida"]
[WhiteTeamCountry "ESP"]
[BlackTeamCountry "ESP"]

1. Nf3 b6 2. c4 Bb7 3. d4 e6 4. Bg5 Nf6 5. e3 Be7 6. Nc3 d5 7. cxd5 exd5 8. Qa4+ c6 9. Bd3 0-0 10. 0-0 Re8 11. Rac1 Nbd7 12. Bb1 h6 13. Bh4 Ne4 14. Bxe7 Qxe7 15. Qc2 Rad8 16. Nd2 Ndf6 17. a3 Ba6 18. Ndxe4 Nxe4 19. Rfe1 Rd6 20. Qa4 Nxc3 21. Rxc3 Bc4 22. Qc2 g6 23. b3 Ba6 24. Rxc6 Bd3 25. Qc3 Bxb1 26. Rxb1 Rd7 27. b4 Red8 28. Rc1 Kg7 29. b5 Re8 30. h3 Red8 31. Qb4 Qxb4 32. axb4 Rb8 33. Kf1 Rbd8 34. Rc7 Kf8 35. R1c6 h5 36. Ke2 Ke7 37. Kf3 f6 38. Kf4 Kf7 39. g4 hxg4 40. hxg4 Rxc7 41. Rxc7+ Ke6 42. Rxa7 g5+ 43. Kf3 Rc8 44. Rb7 Rc4 45. Rxb6+ Ke7 46. Rc6 Rxb4 47. b6 Rb3 48. Kg3 Rb1 49. f4 gxf4+ 50. exf4 Rg1+ 51. Kf3 Rb1 52. g5 fxg5 53. fxg5 Kd7 54. Rh6 Rg1 55. Rh7+ Kc8 56. Kf4 Rd1 57. g6 Rxd4+ 58. Kf5 Rd1 59. g7 1-0

[Event "Catalunya-chT Gp1"]
[Site "Barcelona"]
[Date "2016.01.30"]
[Round "2.4"]
[White "Gardela Batlle, Jordi"]
[Black "Fernandez Garcia, Francesc"]
[Result "1/2-1/2"]
[WhiteElo "2147"]
[BlackElo "2056"]
[PlyCount "38"]
[EventDate "2016.01.23"]
[EventType "team-tourn"]
[EventRounds "7"]
[EventCountry "ESP"]
[SourceTitle "CBM 170 Extra"]
[Source "ChessBase"]
[SourceDate "2016.02.25"]
[SourceVersion "1"]
[SourceVersionDate "2016.02.25"]
[SourceQuality "1"]
[WhiteTeam "Sant Josep de Badalona"]
[BlackTeam "Figueres"]
[WhiteTeamCountry "ESP"]
[BlackTeamCountry "ESP"]

1. Nf3 g6 2. c4 Bg7 3. Nc3 Nf6 4. g3 0-0 5. Bg2 d6 6. 0-0 e5 7. d3 Nc6 8. Bg5 h6 9. Bxf6 Bxf6 10. Rb1 a5 11. a3 Bg7 12. b4 axb4 13. axb4 Nd4 14. b5 Bg4 15. e3 Ra3 16. exd4 Rxc3 17. Qd2 exd4 18. Nxd4 Bxd4 19. Qf4 Qf6 1/2-1/2

[Event "Catalunya-chT Gp1"]
[Site "Barcelona"]
[Date "2015.03.07"]
[Round "7.1"]
[White "Povill Claros, Xavier"]
[Black "Gardela Batlle, Jordi"]
[Result "1-0"]
[WhiteElo "2005"]
[BlackElo "2142"]
[PlyCount "103"]
[EventDate "2015.01.24"]
[EventType "team-tourn"]
[EventRounds "7"]
[EventCountry "ESP"]
[SourceTitle "EXT 2016"]
[Source "ChessBase"]
[SourceDate "2015.10.08"]
[SourceVersion "1"]
[SourceVersionDate "2015.10.08"]
[SourceQuality "1"]
[WhiteTeam "Peona I Peo"]
[BlackTeam "Sant Josep de Badalona"]
[WhiteTeamCountry "ESP"]
[BlackTeamCountry "ESP"]

1. e4 c5 2. Nf3 e6 3. b3 d6 4. Bb5+ Nd7 5. c4 Ngf6 6. Nc3 a6 7. Bxd7+ Qxd7 8. d4 Qc7 9. 0-0 Be7 10. e5 Nd7 11. exd6 Bxd6 12. Ne4 Be7 13. Bb2 0-0 14. d5 exd5 15. Qxd5 Qc6 16. Qxc6 bxc6 17. Ne5 Nxe5 18. Bxe5 a5 19. Bd6 Bxd6 20. Nxd6 a4 21. Ne4 Ra5 22. Nc3 Be6 23. Nxa4 Bxc4 24. Rfc1 Bd5 25. Rxc5 Rfa8 26. Rxa5 Rxa5 27. Rc1 Kf8 28. Rc5 Ra6 29. f3 Ke7 30. Kf2 Kd6 31. Rc2 Ra5 32. Nb6 Be6 33. Ke3 Ra6 34. Na4 Ra5 35. Rd2+ Kc7 36. Kd4 Rd5+ 37. Kc3 Re5 38. Nb2 Re3+ 39. Kb4 Re1 40. Nd3 Rb1 41. Nc5 Bd5 42. a4 h5 43. Ra2 g5 44. a5 g4 45. fxg4 hxg4 46. a6 Kb8 47. a7+ Ka8 48. Ra3 Be6 49. Na4 Rxb3+ 50. Rxb3 Bxb3 51. Kxb3 Kxa7 52. h4 1-0

[Event "Catalunya-chT Gp1"]
[Site "Barcelona"]
[Date "2015.01.31"]
[Round "2.1"]
[White "Martinez Pla, Xavier"]
[Black "Gardela Batlle, Jordi"]
[Result "1/2-1/2"]
[WhiteElo "1963"]
[BlackElo "2142"]
[PlyCount "68"]
[EventDate "2015.01.24"]
[EventType "team-tourn"]
[EventRounds "7"]
[EventCountry "ESP"]
[SourceTitle "CBM 164 Extra"]
[Source "ChessBase"]
[SourceDate "2015.03.02"]
[SourceVersion "1"]
[SourceVersionDate "2015.03.02"]
[SourceQuality "1"]
[WhiteTeam "Tres Peons"]
[BlackTeam "Sant Josep de Badalona"]
[WhiteTeamCountry "ESP"]
[BlackTeamCountry "ESP"]

1. e4 c5 2. Nf3 e6 3. b3 d6 4. Bb2 Nf6 5. Bb5+ Bd7 6. Bxd7+ Nbxd7 7. Qe2 Be7 8. 0-0 0-0 9. c4 a6 10. d4 Rb8 11. Nc3 Qa5 12. e5 Ne8 13. d5 Nxe5 14. Nxe5 dxe5 15. dxe6 fxe6 16. Qxe5 Nc7 17. b4 Bf6 18. Qxf6 Qxb4 19. Qe5 Qxb2 20. Rab1 Qd2 21. Na4 Qa5 22. Nb6 Rf7 23. Rfd1 Rbf8 24. f4 Re7 25. Nd7 Rff7 26. Qxc5 Qxc5+ 27. Nxc5 b5 28. cxb5 axb5 29. Rd8+ Rf8 30. Rxf8+ Kxf8 31. Ne4 Rd7 32. Nc3 Rd2 33. Nxb5 Nxb5 34. Rxb5 Rxa2 1/2-1/2

[Event "Catalunya-chT"]
[Site "Catalunya"]
[Date "2014.04.05"]
[Round "11.4"]
[White "Gardela Batlle, Jordi"]
[Black "Teixido Ponce, Alfred"]
[Result "1-0"]
[WhiteElo "2142"]
[BlackElo "1551"]
[PlyCount "55"]
[EventDate "2014.01.25"]
[EventType "team"]
[EventRounds "11"]
[EventCountry "ESP"]
[SourceTitle "EXT 2015"]
[Source "ChessBase"]
[SourceDate "2014.11.20"]
[SourceVersion "1"]
[SourceVersionDate "2014.11.20"]
[SourceQuality "1"]
[WhiteTeam "Badalona Sant Josep"]
[BlackTeam "Montcada"]
[WhiteTeamCountry "ESP"]
[BlackTeamCountry "ESP"]

1. Nf3 d5 2. c4 e6 3. g3 dxc4 4. Bg2 c6 5. Qc2 b5 6. a4 Bb7 7. 0-0 Nf6 8. Rd1 Nbd7 9. d3 cxd3 10. Qxd3 a6 11. Nc3 Be7 12. Nd4 Rc8 13. axb5 axb5 14. Ndxb5 0-0 15. Nd6 Bxd6 16. Qxd6 Qb6 17. Be3 Qxb2 18. Rab1 Qxc3 19. Rxb7 Qc4 20. Rxd7 Nxd7 21. Qxd7 Qxe2 22. Bc5 Rfe8 23. Be7 Qc2 24. Ra1 Ra8 25. Ra7 Qb1+ 26. Bf1 Qb8 27. Rc7 Rc8 28. Bd8 1-0

[Event "Catalunya-chT"]
[Site "Catalunya"]
[Date "2012.03.17"]
[Round "8.6"]
[White "Gardela Batlle, Jordi"]
[Black "Martinez Romero, Martin"]
[Result "0-1"]
[WhiteElo "2218"]
[BlackElo "2360"]
[PlyCount "132"]
[EventDate "2012.01.28"]
[EventType "team-tourn"]
[EventRounds "11"]
[EventCountry "ESP"]
[SourceTitle "EXT 2013"]
[Source "ChessBase"]
[SourceDate "2012.11.22"]
[SourceVersion "1"]
[SourceVersionDate "2012.11.22"]
[SourceQuality "1"]
[WhiteTeam "Badalona Sant Josep"]
[BlackTeam "Montcada"]
[WhiteTeamCountry "ESP"]
[BlackTeamCountry "ESP"]

1. Nf3 Nf6 2. c4 g6 3. g3 Bg7 4. Bg2 0-0 5. 0-0 c6 6. d3 d6 7. Nc3 e5 8. Rb1 a5 9. c5 Na6 10. Na4 Be6 11. b3 dxc5 12. Ba3 Nd7 13. Rc1 b6 14. Bb2 Qe7 15. Nc3 Rad8 16. Nd2 Nb4 17. Nc4 Nd5 18. Rc2 f5 19. Qa1 Bf7 20. Nd1 Bf6 21. Rc1 b5 22. Nxa5 Ra8 23. b4 Nxb4 24. Nxc6 Nxc6 25. Bxc6 Rxa2 26. Qb1 b4 27. Bxd7 Qxd7 28. Rxc5 Qd6 29. Qc1 Ra6 30. Ne3 Re8 31. Rc8 Ra8 32. Rxe8+ Rxe8 33. Nc4 Qa6 34. Qc2 Rc8 35. Rc1 Bg5 36. Ra1 Qb5 37. Qa4 Qxa4 38. Rxa4 Bxc4 39. dxc4 Rxc4 40. Bxe5 Bd2 41. Ra8+ Kf7 42. Rb8 Ke6 43. f4 Rc2 44. Rb5 Be3+ 45. Kf1 Bc5 46. Ke1 Kd5 47. Kd1 Ra2 48. Rb7 Kc4 49. Rxh7 Kb3 50. Rd7 Ra6 51. Rd5 Rc6 52. h3 Ka3 53. Rd3+ Ka2 54. Rd2+ Ka3 55. g4 Be3 56. Bb2+ Kb3 57. Rd3+ Kxb2 58. Rxe3 Rd6+ 59. Ke1 b3 60. gxf5 gxf5 61. Re5 Kc2 62. Rxf5 b2 63. Rb5 Rd4 64. Rxb2+ Kxb2 65. e3 Rd3 66. Ke2 Kc3 0-1

[Event "Catalunya-chT"]
[Site "Catalunya"]
[Date "2012.03.10"]
[Round "7.8"]
[White "Gardela Batlle, Jordi"]
[Black "Guasch Sariol, Jaume"]
[Result "1-0"]
[WhiteElo "2218"]
[BlackElo "2122"]
[PlyCount "79"]
[EventDate "2012.01.28"]
[EventType "team-tourn"]
[EventRounds "11"]
[EventCountry "ESP"]
[SourceTitle "EXT 2013"]
[Source "ChessBase"]
[SourceDate "2012.11.22"]
[SourceVersion "1"]
[SourceVersionDate "2012.11.22"]
[SourceQuality "1"]
[WhiteTeam "Badalona Sant Josep"]
[BlackTeam "Cerdanyola Valles"]
[WhiteTeamCountry "ESP"]
[BlackTeamCountry "ESP"]

1. Nf3 f5 2. c4 Nf6 3. g3 g6 4. b4 Bg7 5. Bb2 d6 6. Bg2 0-0 7. d3 e5 8. 0-0 Qe8 9. Nc3 c6 10. b5 Nbd7 11. bxc6 bxc6 12. Ba3 Nc5 13. Rb1 h6 14. Nxe5 Qxe5 15. d4 Qe6 16. dxc5 Qxc4 17. Bxc6 Qxc3 18. Rb3 Qa5 19. Bxa8 Be6 20. Bf3 dxc5 21. Re3 Bxa2 22. Qc2 Bf7 23. Qxc5 Qa6 24. Re7 Re8 25. Qxa7 Qxa7 26. Rxa7 Ne4 27. Rd1 Bc4 28. e3 Bb5 29. Kg2 h5 30. Be7 Bh6 31. Rd8 Rxd8 32. Bxd8 Nd2 33. Bd5+ Kf8 34. Bf6 Ke8 35. Ra8+ Kd7 36. Rh8 Kd6 37. Ba8 Ke6 38. Bc3 Nb1 39. Rxh6 Nxc3 40. Rxg6+ 1-0

[Event "Barcelona op 09"]
[Site "Barcelona"]
[Date "2011.11.04"]
[Round "6"]
[White "Gardela Batlle, Jordi"]
[Black "Barbero Sendic, Alejandro"]
[Result "1/2-1/2"]
[WhiteElo "2202"]
[BlackElo "2269"]
[PlyCount "172"]
[EventDate "2011.09.30"]
[EventType "swiss"]
[EventRounds "6"]
[EventCountry "ESP"]
[SourceTitle "EXT 2013"]
[Source "ChessBase"]
[SourceDate "2012.11.22"]
[SourceVersion "1"]
[SourceVersionDate "2012.11.22"]
[SourceQuality "1"]

1. Nf3 Nf6 2. c4 g6 3. Nc3 Bg7 4. g3 0-0 5. Bg2 d6 6. 0-0 Nc6 7. d3 e5 8. Rb1 a5 9. a3 Nh5 10. b4 axb4 11. axb4 Ne7 12. b5 h6 13. Qb3 Kh7 14. Bb2 f5 15. Ra1 Rb8 16. Ra7 f4 17. Nd2 Nf6 18. Nde4 Nxe4 19. Nxe4 Bg4 20. Nc3 f3 21. exf3 Bxf3 22. Bxf3 Rxf3 23. Qd1 Rf7 24. Qe2 Qd7 25. Qe4 c6 26. Qe2 Rbf8 27. Ne4 cxb5 28. cxb5 Nc8 29. Ra8 b6 30. Nc3 d5 31. Ba3 Re8 32. Qa2 e4 33. Qd2 Rf3 34. d4 Rd3 35. Qe1 Bxd4 36. Ne2 Be5 37. Qc1 Nd6 38. Bxd6 Bxd6 39. Rxe8 Qxe8 40. Qc6 Qxc6 41. bxc6 Rd2 42. Nc3 Rc2 43. Nxd5 Rxc6 44. Nf6+ Kg7 45. Nxe4 Be7 46. Rb1 Kf7 47. Kg2 Ke6 48. Kf3 Kd5 49. h4 Re6 50. Rd1+ Kc6 51. Rc1+ Kb5 52. Rb1+ Bb4 53. g4 Ka4 54. Kf4 Rc6 55. h5 g5+ 56. Kf5 b5 57. f4 gxf4 58. Kxf4 Be7 59. Ra1+ Kb3 60. Rb1+ Ka4 61. Ra1+ Kb3 62. g5 hxg5+ 63. Nxg5 Rc5 64. Rg1 Bf8 65. Kg4 Ka3 66. Ra1+ Kb2 67. Ra8 Bh6 68. Nf7 Bd2 69. h6 b4 70. h7 Bc3 71. h8Q Bxh8 72. Rxh8 b3 73. Ng5 Rc2 74. Ne4 Kb1 75. Kf3 b2 76. Ke3 Rc7 77. Kd3 Ka2 78. Ra8+ Kb3 79. Nd2+ Kb4 80. Rb8+ Kc5 81. Rxb2 Rd7+ 82. Kc3 Rh7 83. Ne4+ Kc6 84. Kd4 Rd7+ 85. Kc4 Re7 86. Re2 Re5 1/2-1/2

[Event "Barcelona op 09"]
[Site "Barcelona"]
[Date "2011.10.14"]
[Round "3"]
[White "Boix Moreno, Daniel"]
[Black "Gardela Batlle, Jordi"]
[Result "1-0"]
[WhiteElo "2329"]
[BlackElo "2202"]
[PlyCount "53"]
[EventDate "2011.09.30"]
[EventType "swiss"]
[EventRounds "6"]
[EventCountry "ESP"]
[SourceTitle "EXT 2013"]
[Source "ChessBase"]
[SourceDate "2012.11.22"]
[SourceVersion "1"]
[SourceVersionDate "2012.11.22"]
[SourceQuality "1"]

1. e4 c5 2. Nf3 e6 3. d4 cxd4 4. Nxd4 Nf6 5. Nc3 d6 6. Be3 Be7 7. f3 a6 8. Qd2 b5 9. 0-0-0 Bb7 10. g4 h6 11. Kb1 Nc6 12. Nxc6 Bxc6 13. Ne2 Bb7 14. Nd4 Nd7 15. h4 d5 16. Bd3 Ne5 17. g5 h5 18. exd5 Bxd5 19. g6 f5 20. Qh2 Nxd3 21. Rxd3 Qa5 22. Nb3 Qb4 23. Bd4 0-0 24. Qe5 Bf6 25. Qe3 Bxd4 26. Rxd4 Bc4 27. Qg5 1-0

[Event "Catalunya-chT"]
[Site "Barcelona"]
[Date "2011.03.26"]
[Round "9.5"]
[White "Mestre Bellido, Hector"]
[Black "Gardela Batlle, Jordi"]
[Result "1-0"]
[WhiteElo "2379"]
[BlackElo "2178"]
[PlyCount "49"]
[EventDate "2011.01.29"]
[EventType "team-tourn"]
[EventRounds "11"]
[EventCountry "ESP"]
[SourceTitle "EXT 2012"]
[Source "ChessBase"]
[SourceDate "2011.11.24"]
[SourceVersion "1"]
[SourceVersionDate "2011.11.24"]
[SourceQuality "1"]
[WhiteTeam "UGA"]
[BlackTeam "Ateneu Colon"]
[WhiteTeamCountry "ESP"]
[BlackTeamCountry "ESP"]

1. e4 c5 2. Nf3 d6 3. d4 cxd4 4. Nxd4 Nf6 5. Nc3 a6 6. Be2 e6 7. f4 Nbd7 8. a4 b6 9. Bf3 Bb7 10. 0-0 Qc7 11. Qe1 Be7 12. Kh1 0-0 13. e5 Ne8 14. Qg3 Ra7 15. Re1 g6 16. Bd2 Ng7 17. Rad1 Bxf3 18. Nxf3 Rd8 19. exd6 Bxd6 20. Ne4 Nh5 21. Qh4 Bxf4 22. Bxf4 Nxf4 23. Rxd7 Rxd7 24. Nf6+ Kf8 25. Nxd7+ 1-0

[Event "Catalunya-chT"]
[Site "Barcelona"]
[Date "2011.03.05"]
[Round "6.4"]
[White "Oms Fuentes, Lluis"]
[Black "Gardela Batlle, Jordi"]
[Result "1-0"]
[WhiteElo "2341"]
[BlackElo "2178"]
[PlyCount "45"]
[EventDate "2011.01.29"]
[EventType "team-tourn"]
[EventRounds "11"]
[EventCountry "ESP"]
[SourceTitle "EXT 2012"]
[Source "ChessBase"]
[SourceDate "2011.11.24"]
[SourceVersion "1"]
[SourceVersionDate "2011.11.24"]
[SourceQuality "1"]
[WhiteTeam "Barcelona"]
[BlackTeam "Ateneu Colon"]
[WhiteTeamCountry "ESP"]
[BlackTeamCountry "ESP"]

1. e4 c5 2. Nf3 d6 3. d4 cxd4 4. Nxd4 Nf6 5. Nc3 a6 6. Bg5 e6 7. f4 Qb6 8. Nb3 Nbd7 9. Qf3 Be7 10. 0-0-0 Qc7 11. Bd3 h6 12. Bh4 Nxe4 13. Nxe4 Bxh4 14. Qg4 Bf6 15. Nxf6+ gxf6 16. Qg7 Rf8 17. Rhe1 h5 18. Nd4 e5 19. Bf5 b5 20. Bxd7+ Bxd7 21. Qxf6 Rc8 22. fxe5 d5 23. e6 1-0

[Event "Cerdanyola del Valles op 28th"]
[Site "Cerdanyola del Valles"]
[Date "2010.10.30"]
[Round "5"]
[White "Gardela Batlle, Jordi"]
[Black "Delisau Gil, Oriol"]
[Result "1/2-1/2"]
[WhiteElo "2152"]
[BlackElo "1896"]
[PlyCount "109"]
[EventDate "2010.10.02"]
[EventType "swiss"]
[EventRounds "7"]
[EventCountry "ESP"]
[SourceTitle "EXT 2012"]
[Source "ChessBase"]
[SourceDate "2011.11.24"]
[SourceVersion "1"]
[SourceVersionDate "2011.11.24"]
[SourceQuality "1"]

1. c4 e5 2. Nc3 d6 3. g3 g6 4. Bg2 Bg7 5. Nf3 f5 6. d3 Nf6 7. 0-0 0-0 8. Rb1 h6 9. b4 g5 10. Nd2 Qe8 11. Nd5 Nxd5 12. cxd5 Qh5 13. e3 Qxd1 14. Rxd1 a5 15. b5 Nd7 16. Ba3 Bf6 17. b6 Nxb6 18. Bxd6 cxd6 19. Rxb6 Bd8 20. Rb2 Ra6 21. Nc4 Rf7 22. Rc1 Rc7 23. Rcb1 Kf7 24. Nb6 Ra7 25. e4 f4 26. gxf4 gxf4 27. Bf3 Rc3 28. Nc4 Ke7 29. Be2 a4 30. a3 b6 31. Kg2 Ba6 32. Nxb6 Bxb6 33. Rxb6 Bxd3 34. Bxd3 Rxd3 35. Rb8 Kf6 36. Rd8 Rg7+ 37. Kf1 Ke7 38. Ra8 Rxa3 39. Rb4 f3 40. Rbxa4 Rxa4 41. Rxa4 Rg2 42. Ra3 Rxh2 43. Rxf3 Rh4 44. Re3 Rf4 45. f3 Kf6 46. Ra3 Kg5 47. Kf2 Rf6 48. Ra8 h5 49. Rg8+ Rg6 50. Re8 Rf6 51. Kg3 h4+ 52. Kg2 Rg6 53. Rh8 Rh6 54. Rg8+ Rg6 55. Rf8 1/2-1/2

[Event "Cerdanyola del Valles op 28th"]
[Site "Cerdanyola del Valles"]
[Date "2010.10.16"]
[Round "3"]
[White "Gardela Batlle, Jordi"]
[Black "Moya Arau, Carles"]
[Result "1-0"]
[WhiteElo "2152"]
[BlackElo "1985"]
[PlyCount "93"]
[EventDate "2010.10.02"]
[EventType "swiss"]
[EventRounds "7"]
[EventCountry "ESP"]
[SourceTitle "EXT 2012"]
[Source "ChessBase"]
[SourceDate "2011.11.24"]
[SourceVersion "1"]
[SourceVersionDate "2011.11.24"]
[SourceQuality "1"]

1. Nf3 Nf6 2. c4 e6 3. g3 b6 4. Bg2 Bb7 5. 0-0 Be7 6. d4 0-0 7. d5 exd5 8. Nh4 c6 9. cxd5 Nxd5 10. Nf5 Nf6 11. e4 d5 12. e5 Ne8 13. Nc3 Bc8 14. Qc2 Bxf5 15. Qxf5 Qd7 16. Qd3 f6 17. Nxd5 fxe5 18. Qb3 Kh8 19. Nxe7 Qxe7 20. Bd2 Qc7 21. Rac1 Nd6 22. h4 Nf5 23. Bc3 Nd4 24. Bxd4 exd4 25. Qb4 Na6 26. Qxd4 Rad8 27. Qa4 Nc5 28. Qxc6 Qxc6 29. Bxc6 Nd3 30. Rc3 Nxb2 31. Rf3 Rxf3 32. Bxf3 h6 33. Rc1 g5 34. Rc6 Rd3 35. Be4 Rd4 36. Rxh6+ Kg7 37. Rh7+ Kg8 38. Bg6 Rd6 39. h5 a5 40. Rb7 Na4 41. Kg2 Nc5 42. Ra7 Nd7 43. f4 gxf4 44. gxf4 Nf8 45. Bf7+ Kg7 46. Kf3 Nd7 47. Be8 1-0

[Event "Catalunya-chT Honor"]
[Site "Catalunya"]
[Date "2009.03.08"]
[Round "6"]
[White "Gardela Batlle, Jordi"]
[Black "Jose Abril, Ramon"]
[Result "0-1"]
[WhiteElo "2231"]
[BlackElo "2315"]
[PlyCount "50"]
[EventDate "2009.02.01"]
[EventType "team-tourn"]
[EventRounds "9"]
[EventCountry "ESP"]
[SourceTitle "EXT 2019"]
[Source "ChessBase"]
[SourceDate "2018.10.10"]
[SourceVersion "1"]
[SourceVersionDate "2018.10.10"]
[SourceQuality "1"]
[WhiteTeam "Ateneu Colon"]
[BlackTeam "Foment Martinenc"]
[WhiteTeamCountry "ESP"]
[BlackTeamCountry "ESP"]

1. d4 Nf6 2. g3 c5 3. c3 cxd4 4. cxd4 d5 5. Bg2 Nc6 6. Nf3 Qb6 7. 0-0 Bg4 8. Nc3 e6 9. Na4 Qb5 10. h3 Bh5 11. b3 Bd6 12. Bb2 0-0 13. g4 Bg6 14. Ne5 Ne7 15. f4 Rfc8 16. Nxg6 Nxg6 17. g5 Nh5 18. e3 Ng3 19. Rf2 Nf5 20. Qe2 Qxe2 21. Rxe2 Rc7 22. Rc1 Rxc1+ 23. Bxc1 Rc8 24. Nc5 Bxc5 25. Rc2 Nxd4 0-1

[Event "Catalunya-chT Honor"]
[Site "Catalunya"]
[Date "2009.02.08"]
[Round "2"]
[White "Serra Pages, Jordi"]
[Black "Gardela Batlle, Jordi"]
[Result "1/2-1/2"]
[WhiteElo "2234"]
[BlackElo "2231"]
[PlyCount "91"]
[EventDate "2009.02.01"]
[EventType "team-tourn"]
[EventRounds "9"]
[EventCountry "ESP"]
[SourceTitle "EXT 2019"]
[Source "ChessBase"]
[SourceDate "2018.10.10"]
[SourceVersion "1"]
[SourceVersionDate "2018.10.10"]
[SourceQuality "1"]
[WhiteTeam "Figueres"]
[BlackTeam "Ateneu Colon"]
[WhiteTeamCountry "ESP"]
[BlackTeamCountry "ESP"]

1. Nf3 d5 2. d4 c6 3. c4 e6 4. Nc3 dxc4 5. g3 Nd7 6. Bg2 Be7 7. 0-0 Ngf6 8. a4 a5 9. e4 0-0 10. Qe2 Nb6 11. Rd1 Bd7 12. Ne5 Qe8 13. Be3 Ra6 14. f4 Kh8 15. h3 c5 16. dxc5 Nxa4 17. Nxa4 Bxa4 18. Rd2 Bb5 19. Qf2 Nd7 20. Nxd7 Bxd7 21. Rc1 Bb5 22. e5 Qc8 23. Kh2 a4 24. Rc3 Bd8 25. Rd6 Ba5 26. Rc2 Bb4 27. Rxa6 Bxa6 28. Bf1 Rd8 29. Bxc4 Qc6 30. Qe2 a3 31. bxa3 Bxa3 32. Bxa6 bxa6 33. Rd2 Rd5 34. Ra2 Bxc5 35. Rxa6 Qb7 36. Bxc5 Rxc5 37. Rd6 g6 38. Qg2 Qb1 39. h4 Rc2 40. Rd2 Rc8 41. Rb2 Qc1 42. Qd2 Qf1 43. Rc2 Rxc2 44. Qxc2 Kg7 45. Qd2 h5 46. Qd8 1/2-1/2